Statistiques concernant Culture Générale - Série 1352

Cliquez ici pour prendre le quiz!

Statistiques générales

  • Ce quiz a été pris 53 fois
  • Le résultat moyen est 6 sur 10

Statistiques - réponses

QuestionRéponse% Correct
D'après l'expression, de quel gastéropode adopte-t-on l'allure quand on va très lentement ?escargot
100%
Lorsque vous aidez une personne à grimper en lui offrant vos mains comme points d'appui, vous lui faites la courte...échelle
96%
Quel était l'instrument de prédilection du musicien George Gershwin ?piano
90%
Le jouet en forme de pomme de terre, sur lequel on place différents accessoires, a pour nom : "Monsieur...Patate
82%
Dans quelle ville européenne ont eu lieu les Jeux olympiques d'été de 1936 ?Berlin
78%
Quel est le vrai prénom du révolutionnaire Che Guevara ?Ernesto
53%
En 1969, dans quel film Bourvil et Belmondo incarnent-ils les truands Arthur et Anatole ?Le cerveau
22%
Dans quel livre de la Bible la sortie d'Égypte des Hébreux est-elle relatée ?L'Exode
20%
Quelle rivière coule à Aubusson ?Creuse
20%
En 1982, avec quelle chanteuse Al Bano chantait-il "Felicita" ?Romina Power
10%

Distribution des résultats

Percentile par nombre de réponses

% des personnes avec chaque résultat

Votre développement - résultats

Vous n’avez pas pris ce quiz